[Event "SWVG Arnold Classic Prestige All 2019"]
[Site "Sandton"]
[Date "2019.05.18"]
[Round "5.9"]
[White "Smit, Devon"]
[Black "Bhawoodien, Shabir Hussain"]
[Result "0-1"]
[WhiteElo "1743"]
[BlackElo "2020"]
[Annotator "NA"]
[PlyCount "140"]
[EventDate "2019.05.18"]
[EventType "swiss"]
[EventCountry "RSA"]
[SourceTitle "playchess.com"]
[Source "ChessBase"]
[SourceQuality "1"]
[TimeControl "1500+10"]

1. e4 {[%emt 0:00:00]} e5 {[%emt 0:00:00]} 2. Nf3 {[%emt 0:00:00]} Nc6 {[%emt 0:00:00]} 3. Bc4 {[%emt 0:00:00]} Bc5 {[%emt 0:00:00]} 4. c3 {[%emt 0:00:03]} Qe7 {[%emt 0:00:00]} 5. O-O {[%emt 0:00:40]} Bb6 {[%emt 0:00:00]} 6. d4 {[%emt 0:00:13]} d6 {[%emt 0:00:01]} 7. Ng5 {[%emt 0:00:32]} Nh6 {[%emt 0:01:45]} 8. d5 {[%emt 0:05:30]} Nb8 {[%emt 0:00:17]} 9. Kh1 {[%emt 0:00:41]} O-O {[%emt 0:02:35]} 10. h3 {[%emt 0:00:30]} Nd7 {[%emt 0:01:20]} 11. Nf3 {[%emt 0:00:27]} Qf6 {[%emt 0:00:08]} 12. Bg5 {[%emt 0:00:27]} Qg6 {[%emt 0:00:02]} 13. Qc1 {[%emt 0:00:48]} Qxe4 {[%emt 0:04:42]} 14. Bxh6 {[%emt 0:00:10]} gxh6 {[%emt 0:00:05]} 15. Qxh6 {[%emt 0:00:53]} Qg6 {[%emt 0:00:16]} 16. Qxg6+ {[%emt 0:04:34]} hxg6 {[%emt 0:00:42]} 17. a4 {[%emt 0:00:03]} a5 {[%emt 0:00:52]} 18. Nbd2 {[%emt 0:00:37]} f5 {[%emt 0:00:35]} 19. Rad1 {[%emt 0:01:03]} Nc5 {[%emt 0:00:20]} 20. b3 {[%emt 0:00:38]} Kg7 {[%emt 0:00:35]} 21. Bb5 {[%emt 0:00:38]} Kf6 {[%emt 0:02:04]} 22. b4 {[%emt 0:00:06]} Na6 {[%emt 0:07:09]} 23. Bxa6 {[%emt 0:00:38]} Rxa6 {[%emt 0:00:24]} 24. b5 {[%emt 0:00:08]} Ra8 {[%emt 0:00:06]} 25. Nc4 {[%emt 0:00:08]} Bc5 {[%emt 0:00:05]} 26. Rb1 {[%emt 0:00:33]} b6 {[%emt 0:00:45]} 27. Rbd1 {[%emt 0:00:33]} g5 {[%emt 0:00:07]} 28. Ne1 {[%emt 0:00:11]} Rh8 {[%emt 0:00:13]} 29. Kg1 {[%emt 0:00:24]} Rh4 {[%emt 0:00:19]} 30. Nb2 {[%emt 0:00:15]} Bd7 {[%emt 0:00:54]} 31. Ned3 {[%emt 0:00:08]} Ba3 {[%emt 0:00:31]} 32. Ra1 {[%emt 0:00:05]} Bxb2 {[%emt 0:00:11]} 33. Nxb2 {[%emt 0:00:01]} g4 {[%emt 0:00:16]} 34. hxg4 {[%emt 0:00:20]} Rxg4 {[%emt 0:00:52]} 35. f3 {[%emt 0:00:04]} Rg3 {[%emt 0:00:08]} 36. Kf2 {[%emt 0:00:41]} Rag8 {[%emt 0:00:01]} 37. Rg1 {[%emt 0:00:02]} f4 {[%emt 0:01:10]} 38. Nc4 {[%emt 0:00:14]} e4 {[%emt 0:00:11]} 39. fxe4 {[%emt 0:00:25]} Rxc3 {[%emt 0:00:01]} 40. Rac1 {[%emt 0:00:02]} Rgg3 {[%emt 0:00:12]} 41. Nd2 {[%emt 0:00:44]} Ra3 {[%emt 0:00:18]} 42. Rxc7 {[%emt 0:00:18]} Ra2 {[%emt 0:00:23]} 43. Rxd7 {[%emt 0:01:54]} Rxd2+ {[%emt 0:00:01]} 44. Ke1 {[%emt 0:00:04]} Ra2 {[%emt 0:00:05]} 45. Rxd6+ {[%emt 0:00:10]} Ke5 {[%emt 0:00:00]} 46. Rc6 {[%emt 0:00:06]} f3 {[%emt 0:00:29]} 47. Rf1 {[%emt 0:01:22]} fxg2 {[%emt 0:00:25]} 48. Rg1 {[%emt 0:00:45]} Re3+ {[%emt 0:00:25]} 49. Kd1 {[%emt 0:00:05]} Rf2 {[%emt 0:00:37]} 50. Rc1 {[%emt 0:00:26]} Ree2 {[%emt 0:00:08]} 51. Rb1 {[%emt 0:00:24]} Rd2+ {[%emt 0:00:19]} 52. Kc1 {[%emt 0:00:03]} Rc2+ {[%emt 0:00:01]} 53. Kd1 {[%emt 0:00:01]} Ra2 {[%emt 0:00:13]} 54. Ke1 {[%emt 0:00:13]} Kxe4 {[%emt 0:00:13]} 55. d6 {[%emt 0:00:04]} Rfe2+ {[%emt 0:00:01]} 56. Kd1 {[%emt 0:00:03]} Red2+ {[%emt 0:00:01]} 57. Ke1 {[%emt 0:00:05]} Rxd6 {[%emt 0:00:02]} 58. Rc1 {[%emt 0:00:14]} Rdd2 {[%emt 0:00:05]} 59. Rb1 {[%emt 0:00:03]} Re2+ {[%emt 0:00:08]} 60. Kd1 {[%emt 0:00:01]} Rad2+ {[%emt 0:00:03]} 61. Kc1 {[%emt 0:00:02]} Kd3 {[%emt 0:00:06]} 62. Rb3+ {[%emt 0:00:02]} Kc4 {[%emt 0:00:01]} 63. Rb1 {[%emt 0:00:18]} Kc3 {[%emt 0:00:02]} 64. Ra1 {[%emt 0:00:11]} Rf2 {[%emt 0:00:05]} 65. Ra3+ {[%emt 0:00:02]} Kb4 {[%emt 0:00:06]} 66. Ra1 {[%emt 0:00:03]} Kb3 {[%emt 0:00:02]} 67. Rb1+ {[%emt 0:00:01]} Kxa4 {[%emt 0:00:06]} 68. Ra1+ {[%emt 0:00:14]} Kb4 {[%emt 0:00:05]} 69. Rb1+ {[%emt 0:00:02]} Kc3 {[%emt 0:00:02]} 70. Ra1 {[%emt 0:00:01]} Rf1+ {[%emt 0:00:15]} 0-1

[Event "SWVG Arnold Classic Prestige All 2019"]
[Site "Sandton"]
[Date "2019.05.18"]
[Round "5.12"]
[White "Van Der Walt, Pierre E."]
[Black "Steyn, Hans"]
[Result "1-0"]
[WhiteElo "1993"]
[BlackElo "1863"]
[Annotator "NA"]
[PlyCount "77"]
[EventDate "2019.05.18"]
[EventType "swiss"]
[EventCountry "RSA"]
[SourceTitle "playchess.com"]
[Source "ChessBase"]
[SourceQuality "1"]
[TimeControl "1500+10"]

1. e4 {[%emt 0:25:10]} e6 {[%emt 0:25:10]} 2. d4 {[%emt 0:00:10]} d5 {[%emt 0:00:10]} 3. Nc3 {[%emt 0:00:10]} Bb4 {[%emt 0:00:10]} 4. Nge2 {[%emt 0:00:10]} Nf6 {[%emt 0:00:10]} 5. e5 {[%emt 0:00:10]} Nfd7 {[%emt 0:00:10]} 6. a3 {[%emt 0:00:10]} Be7 {[%emt 0:00:10]} 7. f4 {[%emt 0:00:10]} c5 {[%emt 0:00:10]} 8. Be3 {[%emt 0:00:10]} Nc6 {[%emt 0:00:10]} 9. Qd2 {[%emt 0:00:10]} a6 {[%emt 0:00:10]} 10. dxc5 {[%emt 0:00:10]} Nxc5 {[%emt 0:00:10]} 11. Nd4 {[%emt 0:00:10]} Qc7 {[%emt 0:00:10]} 12. g3 {[%emt 0:00:10]} b5 {[%emt 0:00:10]} 13. Nxc6 {[%emt 0:00:10]} Qxc6 {[%emt 0:00:10]} 14. Bg2 {[%emt 0:00:10]} Bb7 {[%emt 0:00:10]} 15. O-O {[%emt 0:00:10]} Rc8 {[%emt 0:00:10]} 16. f5 {[%emt 0:00:10]} Ne4 {[%emt 0:00:10]} 17. Nxe4 {[%emt 0:00:10]} dxe4 {[%emt 0:00:10]} 18. f6 {[%emt 0:00:10]} gxf6 {[%emt 0:00:10]} 19. exf6 {[%emt 0:00:10]} Bc5 {[%emt 0:00:10]} 20. c3 {[%emt 0:00:10]} Rd8 {[%emt 0:00:10]} 21. Qf2 {[%emt 0:00:10]} Bd6 {[%emt 0:00:10]} 22. Rad1 {[%emt 0:00:10]} O-O {[%emt 0:00:10]} 23. Qe2 {[%emt 0:00:10]} Kh8 {[%emt 0:00:10]} 24. Rd4 {[%emt 0:00:10]} Bc5 {[%emt 0:00:10]} 25. Rxe4 {[%emt 0:00:10]} Qb6 {[%emt 0:00:10]} 26. Re5 {[%emt 0:00:10]} Bxe3+ {[%emt 0:00:10]} 27. Qxe3 {[%emt 0:00:10]} Qxe3+ {[%emt 0:00:10]} 28. Rxe3 {[%emt 0:00:10]} Bxg2 {[%emt 0:00:10]} 29. Kxg2 {[%emt 0:00:10]} h6 {[%emt 0:00:10]} 30. Re5 {[%emt 0:00:10]} Kh7 {[%emt 0:00:10]} 31. Rf2 {[%emt 0:00:10]} Kg6 {[%emt 0:00:10]} 32. a4 {[%emt 0:00:10]} bxa4 {[%emt 0:00:10]} 33. Ra5 {[%emt 0:00:10]} Rd6 34. Rxa4 {[%emt 0:00:10]} Rb8 {[%emt 0:00:20]} 35. Rg4+ {[%emt 0:00:10]} Kh5 {[%emt 0:00:10]} 36. Rg7 {[%emt 0:00:10]} Rb7 {[%emt 0:00:10]} 37. Rf4 {[%emt 0:00:10]} Rxb2+ {[%emt 0:00:10]} 38. Kh3 {[%emt 0:00:10]} Rxh2+ {[%emt 0:00:10]} 39. Kxh2 {[%emt 0:00:10]} 1-0

[Event "SWVG Arnold Classic Prestige All 2019"]
[Site "Sandton"]
[Date "2019.05.18"]
[Round "6.1"]
[White "Oatlhotse, Providence"]
[Black "Grover, Sahaj"]
[Result "0-1"]
[WhiteElo "2289"]
[BlackElo "2515"]
[Annotator "TA"]
[PlyCount "72"]
[EventDate "2019.05.18"]
[EventType "swiss"]
[EventCountry "RSA"]
[SourceTitle "playchess.com"]
[Source "ChessBase"]
[SourceQuality "1"]

{[%evp 9,72,0,0,-4,24,-4,-6,-70,-65,-70,-59,-79,-26,-56,-18,-68,-74,-68,-60,-112,-104,-164,-159,-153,-141,-153,-104,-111,-62,-72,-82,-82,-51,-47,-32,-47,-33,-54,-58,-29,-40,-62,-57,-121,-110,-174,0,0,0,0,-2,-143,-140,-221,-214,-596,-556,-545,-515,-2208,-2101,-2068,-2041,-29983,-29984]} 1. c4 e6 2. g3 d5 3. Bg2 dxc4 4. Nf3 a6 5. O-O Nf6 6. Qc2 {A13: English Opening: 1...e6} b5 (6... Nbd7 7. a4 Nb6 8. a5 Nbd5 9. Qxc4 b5 10. axb6 cxb6 11. Nc3 Bb7 12. d4 b5 13. Qb3 Be7 {½-½ (67) Adhiban,B (2695)-Jumabayev,R (2602) Makati 2018}) 7. a4 Bb7 8. axb5 ({White should play} 8. Nc3 $11) 8... axb5 $15 9. Rxa8 Bxa8 10. Nc3 c6 $146 ({Black should try} 10... Bc6 $1 $17) ({Predecessor:} 10... b4 11. Nd1 Bd5 12. Ne3 b3 13. Qc3 Ne4 14. Qa5 Nc6 15. Qb5 Nd6 16. Qa4 Qd7 17. d3 Ne5 {1-0 (17) Sand,R (1989)-Giulian,P (2179) Bled 2018}) 11. Rd1 Na6 {[%cal Bb8a6,Ba6b4,Bb4d3][%mdl 32]} 12. d4 Be7 13. Ne5 Nb4 14. Qd2 (14. Qb1 $1 $15) 14... O-O $17 15. e4 (15. Qe1 $17) 15... Nd7 $19 16. Nf3 Qb8 17. Qe2 Nd3 18. Be3 Bb4 19. Na2 c5 20. Nxb4 cxb4 (20... Nxb4 {with more complications.} 21. Ne1 cxd4 22. Bxd4 Rd8 23. Qg4 g6) 21. Ne1 Nxe1 22. Qxe1 Nf6 23. Bg5 b3 24. Bxf6 gxf6 25. Qe3 Kg7 $1 26. Ra1 (26. Qe2 $15) 26... Rd8 $17 27. h4 (27. Qc3 $17 {was worth a try.}) 27... e5 $2 ({Better is} 27... b4 $1 $19 {White should prevent ...Rc8.} 28. e5 Bxg2 29. exf6+ Kh8 30. Kxg2 c3 $1 {[%mdl 512]}) 28. d5 $11 b4 29. h5 {h6+ is the strong threat.} h6 30. Bh3 {[#]} (30. Rc1 $11 Qc8 31. Rb1) 30... Qc7 $1 $17 31. Qf3 (31. Rb1 $17) 31... c3 $19 32. Ra6 $2 (32. Qg4+ {is tougher.} Kf8 33. Rc1) 32... c2 33. Qxf6+ Kg8 34. Be6 (34. Ra1 $142 c1=Q+ 35. Rxc1 Qxc1+ {[%mdl 64] Double Attack} 36. Kg2) 34... c1=Q+ {[%mdl 64] Double Attack} 35. Kh2 Qg5 36. Bxf7+ Qxf7 {Accuracy: White = 33%, Black = 62%.} 0-1

[Event "SWVG Arnold Classic Prestige All 2019"]
[Site "Sandton"]
[Date "2019.05.18"]
[Round "6.2"]
[White "Cawdery, Daniel"]
[Black "Zwakala, Ntando"]
[Result "1/2-1/2"]
[WhiteElo "2428"]
[BlackElo "2088"]
[Annotator "NA"]
[PlyCount "40"]
[EventDate "2019.05.18"]
[EventType "swiss"]
[EventCountry "RSA"]
[SourceTitle "playchess.com"]
[Source "ChessBase"]
[SourceQuality "1"]
[TimeControl "1500+10"]

1. d4 {[%emt 0:00:00]} Nf6 {[%emt 0:00:00]} 2. Nf3 {[%emt 0:00:00]} g6 {[%emt 0:00:02]} 3. Nc3 {[%emt 0:00:10]} Bg7 {[%emt 0:00:16]} 4. e4 {[%emt 0:00:17]} d6 {[%emt 0:00:08]} 5. Bg5 {[%emt 0:00:21]} O-O {[%emt 0:00:20]} 6. Qd2 {[%emt 0:00:07]} c6 {[%emt 0:00:49]} 7. O-O-O {[%emt 0:00:15]} b5 {[%emt 0:00:12]} 8. e5 {[%emt 0:01:03]} b4 {[%emt 0:01:04]} 9. exf6 {[%emt 0:03:51]} bxc3 {[%emt 0:00:09]} 10. Qxc3 {[%emt 0:00:11]} exf6 {[%emt 0:00:05]} 11. Bf4 {[%emt 0:00:18]} a5 {[%emt 0:01:22]} 12. Qa3 {[%emt 0:00:09]} d5 {[%emt 0:00:26]} 13. Bd3 {[%emt 0:00:49]} Na6 {[%emt 0:01:07]} 14. c3 {[%emt 0:00:34]} Re8 {[%emt 0:00:23]} 15. Rhe1 {[%emt 0:00:28]} Be6 {[%emt 0:00:31]} 16. h4 {[%emt 0:01:11]} h5 {[%emt 0:02:47]} 17. Kb1 {[%emt 0:00:46]} a4 {[%emt 0:01:39]} 18. Re2 {[%emt 0:00:52]} Bf8 {[%emt 0:16:40]} 19. Bd6 {[%emt 0:16:48]} Bg7 {[%emt 0:00:10]} 20. Ree1 Nb8 {[%emt 0:00:00]} 1/2-1/2

[Event "SWVG Arnold Classic Prestige All 2019"]
[Site "Sandton"]
[Date "2019.05.18"]
[Round "6.5"]
[White "Mpya, Tshediso M"]
[Black "Mthunzi, Brighton"]
[Result "1/2-1/2"]
[WhiteElo "1936"]
[BlackElo "2006"]
[Annotator "NA"]
[PlyCount "20"]
[EventDate "2019.05.18"]
[EventType "swiss"]
[EventCountry "RSA"]
[SourceTitle "playchess.com"]
[Source "ChessBase"]
[SourceQuality "1"]
[TimeControl "1500+10"]

1. d4 {[%emt 0:00:00]} Nf6 {[%emt 0:00:00]} 2. Bf4 {[%emt 0:00:02]} g6 {[%emt 0:00:02]} 3. Nd2 {[%emt 0:00:13]} d5 {[%emt 0:25:28]} 4. e3 {[%emt 0:00:30]} Bg7 {[%emt 0:00:36]} 5. Ngf3 {[%emt 0:00:14]} O-O {[%emt 0:00:17]} 6. h3 {[%emt 0:00:31]} c5 {[%emt 0:24:56]} 7. c3 {[%emt 0:00:08]} cxd4 {[%emt 0:01:47]} 8. cxd4 {[%emt 0:02:53]} Nc6 {[%emt 0:00:38]} 9. Be2 {[%emt 0:00:41]} Bf5 {[%emt 0:02:17]} 10. O-O {[%emt 0:01:58]} Rc8 {[%emt 0:19:43]} 1/2-1/2

[Event "SWVG Arnold Classic Prestige All 2019"]
[Site "Sandton"]
[Date "2019.05.18"]
[Round "6.6"]
[White "Bhawoodien, Shabir Hussain"]
[Black "Masiya, Mfundo"]
[Result "1-0"]
[WhiteElo "2020"]
[BlackElo "1977"]
[Annotator "NA"]
[PlyCount "147"]
[EventDate "2019.05.18"]
[EventType "swiss"]
[EventCountry "RSA"]
[SourceTitle "playchess.com"]
[Source "ChessBase"]
[SourceQuality "1"]
[TimeControl "1500+10"]

1. e4 {[%emt 0:00:00]} c5 {[%emt 0:00:00]} 2. c4 {[%emt 0:00:01]} g6 {[%emt 0:00:12]} 3. Nc3 {[%emt 0:00:02]} Bg7 {[%emt 0:00:02]} 4. g3 {[%emt 0:00:01]} Nc6 {[%emt 0:00:01]} 5. Bg2 {[%emt 0:00:02]} d6 {[%emt 0:00:02]} 6. Nge2 {[%emt 0:00:02]} Nf6 {[%emt 0:00:02]} 7. d3 {[%emt 0:00:06]} O-O {[%emt 0:00:03]} 8. O-O {[%emt 0:00:03]} a6 {[%emt 0:00:16]} 9. Be3 {[%emt 0:00:47]} Rb8 {[%emt 0:00:02]} 10. a4 {[%emt 0:00:22]} Ne8 {[%emt 0:00:06]} 11. f4 {[%emt 0:00:48]} Nc7 {[%emt 0:00:24]} 12. f5 {[%emt 0:00:25]} e6 {[%emt 0:01:53]} 13. g4 {[%emt 0:08:11]} b5 {[%emt 0:00:59]} 14. axb5 {[%emt 0:02:20]} axb5 {[%emt 0:00:02]} 15. cxb5 {[%emt 0:02:40]} Rxb5 {[%emt 0:00:25]} 16. Nxb5 {[%emt 0:00:12]} Nxb5 {[%emt 0:00:05]} 17. Qd2 {[%emt 0:04:53]} Nbd4 {[%emt 0:01:22]} 18. Nxd4 {[%emt 0:00:39]} Nxd4 {[%emt 0:00:04]} 19. Bxd4 {[%emt 0:00:07]} Bxd4+ {[%emt 0:00:02]} 20. Kh1 {[%emt 0:00:01]} Qh4 {[%emt 0:00:46]} 21. Qe2 {[%emt 0:00:31]} Re8 {[%emt 0:01:30]} 22. Ra8 {[%emt 0:00:49]} exf5 {[%emt 0:01:37]} 23. gxf5 {[%emt 0:00:19]} Be5 {[%emt 0:00:38]} 24. Bf3 {[%emt 0:01:30]} Kf8 {[%emt 0:00:53]} 25. Qf2 {[%emt 0:01:14]} Qf6 {[%emt 0:00:02]} 26. b3 {[%emt 0:00:17]} gxf5 {[%emt 0:00:26]} 27. Bg4 {[%emt 0:00:44]} Qh6 {[%emt 0:02:45]} 28. Bxf5 {[%emt 0:00:10]} Bxf5 {[%emt 0:00:08]} 29. Rxe8+ {[%emt 0:00:01]} Kxe8 {[%emt 0:00:01]} 30. exf5 {[%emt 0:00:02]} Ke7 {[%emt 0:00:02]} 31. f6+ {[%emt 0:00:34]} Bxf6 {[%emt 0:00:47]} 32. Qf3 {[%emt 0:00:19]} Qh4 {[%emt 0:03:30]} 33. Qb7+ {[%emt 0:00:07]} Ke6 {[%emt 0:00:21]} 34. Qc8+ {[%emt 0:00:18]} Ke7 {[%emt 0:00:58]} 35. Qb7+ {[%emt 0:00:20]} Ke6 {[%emt 0:00:15]} 36. Qf3 {[%emt 0:00:16]} Ke7 {[%emt 0:00:24]} 37. Qe4+ {[%emt 0:00:05]} Qxe4+ {[%emt 0:00:03]} 38. dxe4 {[%emt 0:00:01]} Ke6 {[%emt 0:00:01]} 39. Kg2 {[%emt 0:00:01]} Bg5 {[%emt 0:00:46]} 40. Rf5 {[%emt 0:00:10]} f6 {[%emt 0:00:01]} 41. Kf3 {[%emt 0:00:05]} h5 {[%emt 0:00:07]} 42. Kg3 {[%emt 0:00:45]} h4+ {[%emt 0:00:06]} 43. Kg4 {[%emt 0:00:04]} Ke7 {[%emt 0:00:24]} 44. Rd5 {[%emt 0:00:08]} Ke6 {[%emt 0:00:26]} 45. h3 {[%emt 0:00:02]} Ke7 {[%emt 0:00:05]} 46. Kf5 {[%emt 0:00:03]} Be3 {[%emt 0:00:22]} 47. Rd1 {[%emt 0:00:07]} Bd4 {[%emt 0:00:14]} 48. Rd2 {[%emt 0:00:37]} Kd7 {[%emt 0:00:04]} 49. Ra2 {[%emt 0:00:53]} Be5 {[%emt 0:00:14]} 50. Ra6 {[%emt 0:00:10]} Kc7 {[%emt 0:00:01]} 51. Ke6 {[%emt 0:00:01]} Kb7 {[%emt 0:00:17]} 52. Rxd6 {[%emt 0:00:05]} Bxd6 {[%emt 0:00:15]} 53. Kxd6 {[%emt 0:00:01]} Kb6 {[%emt 0:00:01]} 54. Ke6 {[%emt 0:00:01]} Kb5 {[%emt 0:00:01]} 55. Kxf6 {[%emt 0:01:38]} Kb4 56. e5 {[%emt 0:00:00]} Kxb3 {[%emt 0:00:01]} 57. e6 {[%emt 0:00:00]} c4 {[%emt 0:00:00]} 58. e7 {[%emt 0:00:00]} c3 {[%emt 0:00:01]} 59. e8=Q {[%emt 0:00:00]} c2 {[%emt 0:00:00]} 60. Qb5+ {[%emt 0:00:00]} Ka2 {[%emt 0:00:18]} 61. Qc4+ {[%emt 0:00:00]} Kb2 {[%emt 0:00:04]} 62. Qb4+ {[%emt 0:00:00]} Ka2 {[%emt 0:00:07]} 63. Qc3 {[%emt 0:00:00]} Kb1 {[%emt 0:00:01]} 64. Kg5 {[%emt 0:01:30]} c1=Q+ {[%emt 0:00:04]} 65. Qxc1+ {[%emt 0:00:00]} Kxc1 {[%emt 0:00:01]} 66. Kxh4 {[%emt 0:00:00]} Kd2 {[%emt 0:00:01]} 67. Kg5 {[%emt 0:00:00]} Kd3 {[%emt 0:00:02]} 68. h4 {[%emt 0:00:00]} Kd4 {[%emt 0:00:01]} 69. h5 {[%emt 0:00:00]} Kd5 {[%emt 0:00:00]} 70. Kg6 {[%emt 0:00:00]} Ke6 {[%emt 0:00:01]} 71. Kg7 {[%emt 0:00:00]} Kf5 {[%emt 0:00:01]} 72. h6 {[%emt 0:00:00]} Kg5 {[%emt 0:00:01]} 73. h7 {[%emt 0:00:00]} Kf5 {[%emt 0:00:00]} 74. h8=Q {[%emt 0:01:40]} 1-0

[Event "SWVG Arnold Classic Prestige All 2019"]
[Site "Sandton"]
[Date "2019.05.18"]
[Round "6.7"]
[White "Simpson, Michael M"]
[Black "Erlank, Warrick"]
[Result "0-1"]
[WhiteElo "1995"]
[BlackElo "1967"]
[Annotator "NA"]
[PlyCount "78"]
[EventDate "2019.05.18"]
[EventType "swiss"]
[EventCountry "RSA"]
[SourceTitle "playchess.com"]
[Source "ChessBase"]
[SourceQuality "1"]
[TimeControl "1500+10"]

1. e4 {[%emt 0:00:00]} e6 {[%emt 0:00:38]} 2. d3 {[%emt 0:00:00]} d5 {[%emt 0:00:03]} 3. Nd2 {[%emt 0:00:00]} Nf6 {[%emt 0:00:03]} 4. Ngf3 {[%emt 0:00:03]} c5 {[%emt 0:00:04]} 5. c3 {[%emt 0:00:05]} Nc6 {[%emt 0:00:04]} 6. g3 {[%emt 0:00:06]} g6 {[%emt 0:00:06]} 7. Bg2 {[%emt 0:00:03]} Bg7 {[%emt 0:00:02]} 8. O-O {[%emt 0:00:10]} O-O {[%emt 0:00:05]} 9. a3 {[%emt 0:00:02]} a5 {[%emt 0:00:29]} 10. Re1 {[%emt 0:00:14]} Re8 {[%emt 0:01:11]} 11. e5 {[%emt 0:00:22]} Nd7 {[%emt 0:00:15]} 12. d4 {[%emt 0:00:04]} cxd4 {[%emt 0:01:16]} 13. cxd4 {[%emt 0:00:03]} f6 {[%emt 0:00:31]} 14. exf6 {[%emt 0:00:38]} Bxf6 {[%emt 0:00:19]} 15. Nb3 {[%emt 0:01:45]} a4 {[%emt 0:00:47]} 16. Nc5 {[%emt 0:00:32]} Nxd4 {[%emt 0:02:59]} 17. Nxd7 {[%emt 0:01:54]} Nxf3+ {[%emt 0:00:11]} 18. Bxf3 {[%emt 0:00:11]} Bxd7 {[%emt 0:00:17]} 19. Bh6 {[%emt 0:00:11]} Bg7 {[%emt 0:00:50]} 20. Bxg7 {[%emt 0:00:05]} Kxg7 {[%emt 0:00:03]} 21. Qd4+ {[%emt 0:00:01]} Qf6 {[%emt 0:00:12]} 22. Qe3 {[%emt 0:01:12]} Rac8 {[%emt 0:01:49]} 23. Rac1 {[%emt 0:00:39]} Rc6 {[%emt 0:00:19]} 24. Be2 {[%emt 0:00:53]} e5 {[%emt 0:00:54]} 25. Qa7 {[%emt 0:00:12]} Rec8 {[%emt 0:02:09]} 26. Rcd1 {[%emt 0:00:51]} d4 {[%emt 0:03:37]} 27. Qxb7 {[%emt 0:00:22]} R8c7 {[%emt 0:10:17]} 28. Qb4 {[%emt 0:00:34]} Rc2 {[%emt 0:00:09]} 29. Rd2 {[%emt 0:00:31]} Rxd2 {[%emt 0:00:47]} 30. Qxd2 {[%emt 0:18:17]} e4 {[%emt 0:01:47]} 31. Bf1 {[%emt 0:01:04]} Bc6 {[%emt 0:01:38]} 32. Bg2 {[%emt 0:00:11]} Re7 {[%emt 0:00:13]} 33. Qc2 {[%emt 0:03:42]} d3 {[%emt 0:00:13]} 34. Qd2 {[%emt 0:00:09]} Qd4 {[%emt 0:00:05]} 35. Qc3 {[%emt 0:00:58]} Qxc3 {[%emt 0:01:29]} 36. bxc3 {[%emt 0:00:02]} Bd5 {[%emt 0:00:12]} 37. Rc1 {[%emt 0:04:32]} Bb3 {[%emt 0:00:13]} 38. Bf3 {[%emt 0:01:43]} exf3 {[%emt 0:00:07]} 39. c4 {[%emt 0:00:07]} d2 {[%emt 0:00:02]} 0-1

[Event "SWVG Arnold Classic Prestige All 2019"]
[Site "Sandton"]
[Date "2019.05.18"]
[Round "6.8"]
[White "Goosen, Anton"]
[Black "Mwale, Joseph"]
[Result "0-1"]
[WhiteElo "1947"]
[BlackElo "2274"]
[Annotator "NA"]
[PlyCount "134"]
[EventDate "2019.05.18"]
[EventType "swiss"]
[EventCountry "RSA"]
[SourceTitle "playchess.com"]
[Source "ChessBase"]
[SourceQuality "1"]
[TimeControl "1500+10"]

1. e4 {[%emt 0:00:00]} e5 {[%emt 0:00:00]} 2. Nf3 {[%emt 0:00:00]} Nf6 {[%emt 0:00:16]} 3. Nc3 {[%emt 0:00:00]} Nc6 {[%emt 0:00:02]} 4. Bb5 {[%emt 0:00:00]} Nd4 {[%emt 0:00:04]} 5. Nxd4 {[%emt 0:00:00]} exd4 {[%emt 0:00:01]} 6. e5 {[%emt 0:00:03]} dxc3 {[%emt 0:00:08]} 7. exf6 {[%emt 0:00:02]} Qxf6 {[%emt 0:00:12]} 8. dxc3 {[%emt 0:00:04]} c6 {[%emt 0:00:32]} 9. Bd3 {[%emt 0:00:37]} d5 {[%emt 0:00:06]} 10. O-O {[%emt 0:00:18]} Bd6 {[%emt 0:00:17]} 11. Re1+ {[%emt 0:01:08]} Be6 {[%emt 0:00:07]} 12. Qh5 {[%emt 0:00:22]} g6 {[%emt 0:06:16]} 13. Qh6 {[%emt 0:03:23]} Bf8 {[%emt 0:00:32]} 14. Qf4 {[%emt 0:01:05]} Qxf4 {[%emt 0:00:17]} 15. Bxf4 {[%emt 0:00:02]} Bg7 {[%emt 0:00:09]} 16. Be5 {[%emt 0:00:23]} Bxe5 {[%emt 0:00:20]} 17. Rxe5 {[%emt 0:00:02]} Kd7 {[%emt 0:00:06]} 18. Rae1 {[%emt 0:00:20]} Rhe8 {[%emt 0:00:39]} 19. f4 {[%emt 0:00:27]} b5 {[%emt 0:01:11]} 20. h3 {[%emt 0:02:06]} f5 {[%emt 0:00:56]} 21. g4 {[%emt 0:03:57]} fxg4 {[%emt 0:01:34]} 22. hxg4 {[%emt 0:00:01]} Bxg4 {[%emt 0:01:09]} 23. Rxd5+ {[%emt 0:00:02]} Kc7 {[%emt 0:01:32]} 24. Rde5 {[%emt 0:00:14]} Rxe5 {[%emt 0:00:27]} 25. Rxe5 {[%emt 0:00:02]} Kd6 {[%emt 0:00:27]} 26. Kf2 {[%emt 0:00:34]} Rf8 {[%emt 0:00:17]} 27. Kg3 {[%emt 0:00:31]} Bf5 {[%emt 0:00:46]} 28. Re2 {[%emt 0:02:37]} h5 {[%emt 0:01:21]} 29. Bxf5 {[%emt 0:00:55]} Rxf5 {[%emt 0:00:18]} 30. b3 {[%emt 0:03:31]} a5 {[%emt 0:00:37]} 31. a3 {[%emt 0:00:41]} Kd5 {[%emt 0:01:25]} 32. Rd2+ {[%emt 0:02:11]} Kc5 {[%emt 0:02:37]} 33. Rd4 {[%emt 0:01:11]} Rd5 {[%emt 0:02:45]} 34. b4+ {[%emt 0:00:16]} axb4 {[%emt 0:00:01]} 35. axb4+ {[%emt 0:00:01]} Kd6 {[%emt 0:00:01]} 36. Rd3 {[%emt 0:00:28]} Ke6 {[%emt 0:00:01]} 37. Re3+ {[%emt 0:01:04]} Kf7 {[%emt 0:00:40]} 38. c4 {[%emt 0:01:05]} bxc4 {[%emt 0:00:06]} 39. Re4 {[%emt 0:00:02]} c5 {[%emt 0:01:27]} 40. Rxc4 {[%emt 0:00:56]} cxb4 {[%emt 0:00:01]} 41. Rxb4 {[%emt 0:00:02]} Rc5 {[%emt 0:00:01]} 42. c4 {[%emt 0:00:08]} Kf6 {[%emt 0:00:03]} 43. Kf3 {[%emt 0:00:07]} Rc8 {[%emt 0:00:18]} 44. Rb6+ {[%emt 0:00:14]} Kg7 {[%emt 0:00:07]} 45. Rb4 {[%emt 0:00:08]} Rc5 {[%emt 0:00:24]} 46. Ra4 {[%emt 0:00:32]} Kh6 {[%emt 0:00:40]} 47. Kg3 {[%emt 0:00:08]} Kg7 {[%emt 0:00:03]} 48. Rb4 {[%emt 0:00:00]} Kf6 {[%emt 0:00:31]} 49. Rb6+ {[%emt 0:00:08]} Kg7 {[%emt 0:00:04]} 50. Rb4 {[%emt 0:00:01]} Rc8 {[%emt 0:00:09]} 51. Kf3 {[%emt 0:00:10]} Kf6 {[%emt 0:00:09]} 52. Rb6+ {[%emt 0:00:07]} Kg7 {[%emt 0:00:10]} 53. Rb4 {[%emt 0:00:13]} Kf7 {[%emt 0:00:16]} 54. Rb7+ {[%emt 0:00:02]} Kf6 {[%emt 0:00:05]} 55. Rb6+ {[%emt 0:00:01]} Kg7 {[%emt 0:00:02]} 56. Rb7+ {[%emt 0:00:00]} Kh6 {[%emt 0:00:02]} 57. Rb4 {[%emt 0:00:03]} Rc5 {[%emt 0:00:04]} 58. Kg3 {[%emt 0:00:04]} Rc6 {[%emt 0:00:13]} 59. Ra4 {[%emt 0:00:06]} Kg7 {[%emt 0:00:02]} 60. Rb4 {[%emt 0:02:05]} Kf6 {[%emt 0:00:03]} 61. Kf3 {[%emt 0:00:07]} Ke6 {[%emt 0:00:14]} 62. Kg3 {[%emt 0:00:17]} Ra6 {[%emt 0:01:16]} 63. Kh4 {[%emt 0:00:14]} Ra1 {[%emt 0:00:15]} 64. Rb5 {[%emt 0:00:53]} Rc1 {[%emt 0:00:21]} 65. Re5+ {[%emt 0:00:46]} Kf6 {[%emt 0:00:05]} 66. Rc5 {[%emt 0:00:04]} Rg1 {[%emt 0:00:06]} 67. f5 {[%emt 0:00:51]} Rg4+ {[%emt 0:00:44]} 0-1